|
|
|
|
| LEADER |
00000nab#a22000007a#4500 |
| 001 |
arbauad030942 |
| 003 |
AR-BaUAD |
| 005 |
20250711112521.0 |
| 008 |
980504|||||||||###||||||b###|0###a|spa|| |
| 040 |
|
|
|a AR-BaUAD
|c AR-BaUAD
|b spa
|
| 245 |
1 |
0 |
|a Residenza universitaria
|
| 300 |
0 |
|
|b fot., plantas, cortes
|
| 653 |
|
|
|a PORRO, RICARDO
|
| 653 |
|
|
|a LA NOUE, RENAUD DE
|
| 653 |
|
|
|a RESIDENCIAS ESTUDIANTILES
|
| 653 |
|
|
|a UNIVERSIDADES
|
| 773 |
0 |
|
|t DOMUS
|g Nº794 [jun. 1997], p. 32-37
|
| 942 |
|
|
|c ARTI
|
| 952 |
|
|
|0 0
|1 0
|4 0
|7 0
|9 75861
|a AR-BAuAD
|b AR-BAuAD
|d 2025-07-11
|l 0
|p AAQA030942
|r 2025-07-11 11:25:21
|w 2025-07-11
|y ARTI
|
| 990 |
|
|
|a AQ199
|b TD
|
| 998 |
|
|
|a AAQ
|b BIBUN76
|
| 999 |
|
|
|c 55534
|d 55534
|